El destierro de los jesuitas mexicanos y la formación de la conciencia de nacionalidad /

Shranjeno v:
Bibliografske podrobnosti
Glavni avtor: Pérez Alonso, Manuel Ignacio (compilación)
Format: Knjiga
Jezik:španščina
Izdano: México : Universidad Iberoamericana, Plantel Santa Fe, Centro de Integración Universitaria, 1987, c1987
Oznake: Označite
Brez oznak, prvi označite!

MARC

LEADER 00000nam^a2200000^a^4500
001 000578471
005 20250521000000.0
009 20260310132510.093
037 |a Acervo Xavier Clavigero 
041 |a ESP 
091 |a FIP. 01205 
100 |a Pérez Alonso, Manuel Ignacio  |e (compilación) 
245 1 3 |a El destierro de los jesuitas mexicanos y la formación de la conciencia de nacionalidad / 
264 4 |a México :  |b Universidad Iberoamericana, Plantel Santa Fe, Centro de Integración Universitaria,  |c 1987, c1987 
300 |a 31 p. 
336 |a texto  |b txt  |2 rdacontenido 
337 |a sin mediación  |b n  |2 rdamedio 
338 |a volumen  |b nc  |2 rdasoporte 
649 |a XX 
910 |a Fondo Manuel Ignacio Pérez Alonso S.J. 
920 |a Impresos - Libros 
930 |a Fondos Especiales 
940 |a Jesuitas 
905 |a 140 
901 |a 0500404088  |b IT2  |c ESP  |i D  |u 20250521 
902 |a https://opac.biblio.iteso.mx/vufind/Record/000578471